000
00363nam a22001337a 4500
020
_a
9787520324694
082
_a
951
100
_a
Han Zhen and Zhang Weiwen
245
_a
China's values
_c
Han Zhen and Zhang Weiwen
260
_a
China
_b
Social Sciences press
_c
2018
300
_a
378p
942
_2
ddc
_c
BK
999
_c
586546
_d
586546